000 00905nas a2200301 4500
001 BR2014004199
003 BR-BrBNA
005 20231205124214.0
007 ta
008 230509b bl.|||p| |||| 00| 00por d
040 _aBR-BrBNA
_bpor
_cBiblioteca Nacional de Agricultura
041 _a(Pt)
072 _aK50
100 1 _aSusin, F.
100 1 _aSantini, E.J.
100 1 _aStangerlin, D.M.
100 1 _aMorais, W.W.C.
100 1 _aMelo, R.R.
245 1 _aTaxa de secagem e qualidade da madeira serrada de Hovenia dulcis submetidas a dois métodos de secagem
650 _aHOVENIA DULCIS
650 _aUVA JAPONESA
650 _aPROCESSAMENTO
650 _aMADEIRA SERRADA
650 _aSECAGEM
773 0 _tFloresta e Ambiente (Brazil)
_xISSN 1415-0980
_g(Apr-Jun 2014), v. 21(2) p. 243-250
_wBR2014004199
909 _a202311
_bLúcia
_c55
_dLúcia Elande
942 _2AGRIS
_n0
_cANA
999 _c237853
_d237853